New world blackbirds : (Registro nro. 3007)

Detalles MARC
000 -CABECERA
Campo de control 01127cam a2200289 i 4500
005 - FECHA Y HORA DE LA ULTIMA TRANSACCION
Campo de control 20160106070115.0
008 - ELEMENTOS DE LONGITUD FIJA—INFORMACION GENERAL
Campo de control 980721s1999 xxuab rb 001 0 eng d
020 ## - ISBN
ISBN 0691006806 (cloth : alk. paper)
040 ## - FUENTE DE CATALOGACIÓN
Agencia catalogadora original DLC
Agencia transcriptora DLC
Agencia Modificadora CO-BoIAVH
041 0# - IDIOMA
Código de idioma para texto/pista de sonido o título separado Inglés
044 ## - PAÍS DE PUBLICACIÓN
País de publicación Estados Unidos
082 04 - NUMERO DE CLASIFICACION DECIMAL DEWEY
Número de clasificación 598.874
Número del ítem J37n
100 1# - ASIENTO PRINCIPAL--NOMBRE PERSONAL
Nombre personal Jaramillo, Alvaro,
Fechas asociadas con el nombre 1967-
9 (RLIN) 46955
245 10 - MENCION DE TITULO
Título New world blackbirds :
Parte restante del título the icterids /
Mención de responsabilidad Alvaro Jaramillo and Peter Burke.
260 ## - PUBLICACION, DISTRIBUCION, ETC. (PIE DE IMPRENTA)
Lugar de publicación, distribución, etc. Princeton, N.J. :
Nombre del editor, distribuidor, etc. Princeton University Press,
Fecha de publicación, distribución, etc. 1999.
300 ## - DESCRIPCION FISICA
Extensión 431 páginas :
Otros detalles físicos ilustraciones y mapas ;
Dimensiones 25 cm.
504 ## - NOTA DE BIBLIOGRAFIA, ETC.
Nota de bibliografía Incluye referencias bibliográficas e índice.<br/>
650 14 - ASIENTO SECUNDARIO DE MATERIA - TERMINO TEMATICO
Término temático o nombre geográfico como elemento de entrada Aves
Subdivisión general Identificación
9 (RLIN) 46956
650 24 - ASIENTO SECUNDARIO DE MATERIA - TERMINO TEMATICO
Término temático o nombre geográfico como elemento de entrada Aves terrestres
Subdivisión general Identificación
9 (RLIN) 46957
650 24 - ASIENTO SECUNDARIO DE MATERIA - TERMINO TEMATICO
Término temático o nombre geográfico como elemento de entrada Paseriformes
9 (RLIN) 46176
650 24 - ASIENTO SECUNDARIO DE MATERIA - TERMINO TEMATICO
Término temático o nombre geográfico como elemento de entrada Mirlos
Subdivisión general Identficación
9 (RLIN) 46958
650 24 - ASIENTO SECUNDARIO DE MATERIA - TERMINO TEMATICO
Término temático o nombre geográfico como elemento de entrada Ictéridos
Subdivisión general Identficación
9 (RLIN) 46959
700 1# - ASIENTO SECUNDARIO - NOMBRE PERSONAL
Nombre personal Burke, Peter,
Fechas asociadas con el nombre 1967-
Término de relación autor
9 (RLIN) 46960
856 41 - LOCALIZACION Y ACCESO ELECTRONICOS
Especificación de los materiales Table of contents
Identificador Uniforme del Recurso http://www.loc.gov/catdir/toc/prin032/98034714.html
856 42 - LOCALIZACION Y ACCESO ELECTRONICOS
Especificación de los materiales Publisher description
Identificador Uniforme del Recurso http://www.loc.gov/catdir/description/prin021/98034714.html
942 ## - ELEMENTOS ADICIONALES (KOHA)
Sistema de clasificación Dewey Decimal Classification
Tipo de ítem Libro
Existencias
Withdrawn status Lost status Sistema de Clasificación Damaged status No para préstamo Colección Inventariado Ubicación Permanente Ubicación actual Fecha de adquisición Fuente de Valor Valor Total Checkouts Número topográfico Inventario / Código de Barras Date last seen Ejemplar Price effective from Tipo de material
    Dewey Decimal Classification   Procesos Técnicos General Inventariado 2017 Bogotá Bogotá 03/12/2002 Alvaréz, Mauricio 39000.00   LB-598.874 J37n 003712 04/12/2012 Ej. 1 04/12/2012 Libro